MARC

LEADER 00000nam0a2200000 4500
001 118686
005 20231101215504.0
010 |a 5341004825 
010 |a 5-341-00670-4 
035 |a (RuTPU)RU\TPU\book\128431 
035 |a RU\TPU\book\128430 
090 |a 118686 
100 |a 20070615d1990 m y0rusy50 ca 
101 1 |a rus  |c eng 
102 |a BY 
105 |a a z 000ay 
200 1 |a Муки и радости  |e Роман о Микеланджело в 2 т.  |h Т. 2  |f И. Стоун  |g пер. с англ. и предисл. Н. Банников; худож. В. Довгань 
210 |a Минск  |c Народная асвета  |d 1990 
215 |a 416 с.  |c ил. 
600 0 |a Микеланджело Буонарроти  |c итальянский скульптор  |c живописец  |c архитектор  |c поэт  |f 1475-1564  |2 stltpush  |3 (RuTPU)RU\TPU\pers\1034  |9 457 
610 1 |a американская литература 
610 1 |a романы 
610 1 |a итальянская живопись 
610 1 |a скульпторы 
675 |a 82  |v 3 
700 1 |a Стоун  |b И.  |g Ирвинг 
702 1 |a Банников  |b Н.  |g Николай  |4 730 
702 1 |a Довгань  |b В.  |4 440 
801 1 |a RU  |b 63413507  |c 20070615  |g PSBO 
801 2 |a RU  |b 63413507  |c 20070906  |g PSBO 
942 |c BK